Plant breeding reviews. Vol. 8 (Record no. 42656)

MARC details
000 -LEADER
fixed length control field 00379nam a2200145Ia 4500
020 ## - INTERNATIONAL STANDARD BOOK NUMBER
ISBN 0881921734
082 ## - DEWEY DECIMAL CLASSIFICATION NUMBER
Classification number 575:631.52
Item number PLA.8
100 ## - MAIN ENTRY--AUTHOR NAME
Personal name Janick, Jules
245 #0 - TITLE STATEMENT
Title Plant breeding reviews. Vol. 8
260 ## - PUBLICATION, DISTRIBUTION, ETC. (IMPRINT)
Place of publication Oregon
Name of publisher Timber Press
Year of publication 1990
650 ## - SUBJECT ADDED ENTRY--TOPICAL TERM
Topical Term Forest tree genetics
650 ## - SUBJECT ADDED ENTRY--TOPICAL TERM
Topical Term Mushroom genetics
942 ## - ADDED ENTRY ELEMENTS (KOHA)
Koha item type Books
Holdings
Withdrawn status Lost status Damaged status Not for loan Home library Current library Date acquired Cost, normal purchase price Full call number Accession Number Koha item type
        RRII Library RRII Library 16/12/2021 55.95 575:631.52 PLA.8 22924 Books